Responses for Show #1437 - Tuesday, November 27, 1990

Contestants

[<< previous game]

Eric Aranda, a piano teacher from Santa Monica, California

Doug Marsh, a set designer from Pasadena, California

Regina Jahr, a fundraiser from Alexandria, Virginia

[next game >>]

Jeopardy! Round responses

STARTS WITH "Q"
THE '50s
HERBS & SPICES
SPORTS
MONEY
NMOɊ-ƎɊISԀ∩
[The above approximates how the category was shown.]
    $100 1
quorum

Regina
    $100 11
(Doug: What is Russia?)

China

ReginaDoug
    $100 13
basil

Doug
    $100 24
hockey

Regina
    $100 18
(Regina: What are pennies?)

dimes

ReginaDoug
    $100 6
smile

Doug
    $200 2
Quincy

Doug
    $200 12
(Josef) Stalin

Doug
    $200 14
licorice

Doug
    $200 25
huddle

Eric
    $200 19
(Thomas) Jefferson

Doug
    $200 7
(Eric: Who is Donald O'Connor?)

Fred Astaire

ReginaEric
    $300 3
quench

Doug
    $300 21
Edward R. Murrow

Doug
    $300 15
mustard

Doug
    $300 26
Australian crawl

Doug
    $300 20
(Alex: Doug, back to you with a minute to go.)

wampum

Triple Stumper
    $300 8
air mail

Doug
    $400 4
quatrain

Doug
    $400 22
Eugene O'Neill

Regina
    $400 16
cumin

Regina
    $400 27
[The end-of-round signal sounds.]

In God We Trust

Doug
    $700 9
(Doug: Uh, who is Olivia Newton-John?)
(Alex: I take it you're not into pop music too much?)
(Doug: Not from the '80s.)
[The song was not reprised going into the break.]

Diana Ross

Doug
    $500 5
quark

Doug
    $500 23
(Doug: What is NATO?)

SEATO (Southeast Asia Treaty Organization)

ReginaDoug
    $500 17
bay

Doug
    $500 10
inversion

Doug

Scores at the first commercial break (after clue 12):

Regina Doug Eric
$400 $1,700 -$200

Scores at the end of the Jeopardy! Round:

Regina Doug Eric
$1,700 $3,600 $0

Double Jeopardy! Round responses

SHAKESPEAREAN QUOTES
(Alex: You have to come up with the play.)
SPACE EXPLORATION
ISLANDS
GOVERNMENT & POLITICS
MYTHS & LEGENDS
6-LETTER BIRDS
    $200 2
(Doug: What is Hamlet?)

Romeo and Juliet

ReginaDoug
    $200 3
Apollo 13

Doug
    $200 1
Jamaica

Doug
    $200 6
White House

Regina
    $200 14
Narcissus

Regina
    $200 15
cuckoo

Eric
    $400 4
Julius Caesar

Eric
    $400 26
France

Doug
    $400 5
St. Lawrence

Regina
    $2,000 7
Adlai Stevenson

Regina
    $400 19
Pandora

Eric
    $400 27
[The end-of-round signal sounds.]

parrot

Doug
    $2,700 11
Hamlet

Doug
    $600 16
Jersey

Triple Stumper
    $600 8
Herbert Hoover

Regina
    $600 20
Medusa

Triple Stumper
    $600 23
falcon

Doug
    $800 12
(Regina: What is Macbeth?)

A Midsummer Night's Dream

ReginaDoug
    $800 17
(Regina: What is Tahiti?)

Pitcairn

ReginaDoug
    $800 9
Johnson (LBJ)

Regina
    $800 21
(Alex: We have a minute left.)

Troy

Doug
    $800 24
grouse

Regina
    $1000 13
The Merchant of Venice

Doug
    $1000 18
(Eric: What is New Guinea?)
(Doug: What is Papua New Guinea?)

Borneo

DougEric
Triple Stumper
    $1000 10
"Happy Days are Here Again"

Doug
    $1000 22
(Regina: Uh, who is Athena?)
(Doug: Who is Mercury?)

Atalanta

ReginaDoug
Triple Stumper
    $1000 25
puffin

Doug

Scores at the end of the Double Jeopardy! Round:

Regina Doug Eric
$4,300 $11,300 $0
(lock game)

[wagering suggestions for these scores]

Final Jeopardy! Round responses

ARTISTS
ReginaWho was Van Gogh
$4,000
DougWho is Whistler?
$1,200
James Whistler

Final scores:

Regina Doug Eric
$300 $12,500 $0
2nd place: Colortyme home entertainment center + Secrets of the Unknown 5-volume tape set + The Jeopardy! Book & Jeopardy! box game or Jeopardy! Challenger New champion: $12,500 3rd place: Landes 5-piece coffee & tea set + The Jeopardy! Book & Jeopardy! box game or Jeopardy! Challenger

Game dynamics:

Coryat scores:

Regina Doug Eric
$2,700 $9,900 $0
15 R
(including 1 DD),
4 W
29 R
(including 1 DD),
6 W
(including 1 DD)
4 R,
2 W

Combined Coryat: $12,600

[game clues] [game scores] [suggest correction]

Game tape date: 1990-09-12
The J! Archive is created by fans, for fans. Scraping, republication, monetization, and malicious use prohibited; this site may use cookies and collect identifying information. See terms. The Jeopardy! game show and all elements thereof, including but not limited to copyright and trademark thereto, are the property of Jeopardy Productions, Inc. and are protected under law. This website is not affiliated with, sponsored by, or operated by Jeopardy Productions, Inc. Join the discussion at JBoard.tv.